Planification de l'éducation en URSS.

Wedi'i Gadw mewn:
Manylion Llyfryddiaeth
Prif Awdur: Nojko, K. [et al.], (autor)
Fformat: Llyfr
Iaith:Ffrangeg
Pynciau:
Tagiau: Ychwanegu Tag
Dim Tagiau, Byddwch y cyntaf i dagio'r cofnod hwn!

MARC

LEADER 00000nam^a2200000^u^4500
001 000496703
005 20250521000000.0
008 061009s1000^^^^^^^^^^^^r^^^^^000^0^spa^d
009 20260310125617.428
035 |a FCE 000040255 
037 |a Acervo ITESO - Biblioteca 
041 |a FRA 
082 0 4 |a 371.247  |b NOJp 
100 |a Nojko, K.,  |e [et al.]  |e (autor) 
245 1 0 |a Planification de l'éducation en URSS. 
264 |a Paris :  |b UNESCO,  |c c1967. 
300 |a 337 p. 
336 |a texto  |b txt  |2 rdacontenido 
337 |a sin mediación  |b n  |2 rdamedio 
338 |a volumen  |b nc  |2 rdasoporte 
649 |a XX 
650 |a Planificación de la educación 
650 |a URSS 
910 |a Fondo Centro de Estudios Educativos 
920 |a Impresos - Libros 
930 |a Fondos Especiales 
905 |a 133 
901 |a ALE044691  |b IT2  |c CEE  |u 20250521 
902 |a https://opac.biblio.iteso.mx/vufind/Record/000496703